000 00748nam a2200193 i 4500
001 128756
003 ES-MaACL
005 20230906193344.0
007 t|
008 070524s1982 sp ||||1| spa d
080 _a347.964.3(46)(078)
100 1 _aTavera Benito, Emilio.
_9109421
245 1 0 _aContestaciones a los temas de derecho Penitenciario de Ayudantes de Instituciones Penitenciarias /
_cpor Emilio Tavera Benito y Fernando del Río García.
260 _a[Madrid :
_bs.n.,
_c1982] (
_fImp. A. Caballero)
300 _a2 v. ;
_c24 cm.
610 2 7 _aCuerpo de Ayudantes de Instituciones Penitenciarias-
_vContestación para oposiciones.
_93350
700 1 _aRío García, Fernando del.
_997322
852 _aES-MaACL
_jL-3620-1
_bR.104679
999 _c128756
_d128756